| 000 | 00724nam a22002177a 4500 | ||
|---|---|---|---|
| 001 | 87155 | ||
| 003 | UA-OsUOA | ||
| 005 | 20220501154126.0 | ||
| 007 | ta | ||
| 008 | 20120914b un ||||| |||| 00| 0 ukr d | ||
| 040 |
_aUA-OsUOA _brus _cUA-OsUOA _dUA-OsUOA |
||
| 041 | _arus | ||
| 080 | _a82.09(40+571) | ||
| 090 |
_a82.09(40+571) _bО-77 |
||
| 245 |
_aА. Н. Островский в портретах и иллюстрациях _bпособие для учителей _cсост. Голубенцев Н. А. |
||
| 260 |
_aМ. _bГосиздат _c1949 |
||
| 300 | _a165 с. | ||
| 650 | 7 |
_a82.09 Літературна критика. Літературні дослідження _2UDC |
|
| 942 |
_cBK _2udc |
||
| 955 | _a2 | ||
| 999 |
_c373450 _d373450 |
||